30 Biggest Cities in Vermont - Statistics

General Stats
  • This quiz has been taken 26 times
  • The average score is 10 of 30
Answer Stats
Population City % Correct
44,743 Burlington
95%
8,074 Montpelier
75%
15,807 Rutland
75%
12,184 Brattleboro
70%
20,292 South Burlington
70%
15,333 Bennington
65%
11,540 Essex
65%
10,590 Essex Junction
55%
7,364 St. Johnsbury
55%
5,223 Stowe
45%
17,524 Colchester
35%
10,686 Hartford
35%
9,152 Middlebury
30%
10,103 Williston
30%
5,331 Waterbury
25%
7,923 Barre Town
20%
9,062 Springfield
20%
6,887 St. Albans City
20%
7,997 Winooski
20%
5,491 Lyndon
15%
10,723 Milton
15%
6,988 St. Albans Town
15%
8,491 Barre City
10%
5,014 Fairfax
10%
4,845 Georgia
10%
5,104 Jericho
10%
5,434 Morristown
10%
7,717 Shelburne
10%
6,701 Swanton
10%
5,918 Northfield
0%
No matching quizzes found
Score Distribution
Percent of People with Each Score
Percentile by Number Answered
Your Score History
You have not taken this quiz